000 00287nam a2200097Ia 4500
008 220120s9999||||xx |||||||||||||| ||und||
100 _aAkarsh B.S and others
_912675
245 0 _aGlass hole making machine
260 _aCoorg Institute of Technology
_bPonnampet
_c2017
650 _aMECHANICAL
999 _c138275
_d138275